000 00387nam a2200133Ia 4500
008 151001s9999||||xx |||||||||||||| ||und||
100 _aवि आ बुवा
245 _aखटयाळ काळजात घुसली
250 _a1
260 _bगुलमोहर प्रकाशन सातारा
260 _c1984
300 _a202
365 _b18
999 _c964323
_d964320